[Event "17. Open de Sants Hostafrancs 2015"]
[Site "Barcelona ESP"]
[Date "2015.08.24"]
[Round "4.18"]
[White "Demuth, Adrien"]
[Black "Valderrama Quiceno, Esteban A"]
[Result "1/2-1/2"]
[WhiteElo "2541"]
[BlackElo "2357"]
[PlyCount "57"]
[EventDate "2015.08.21"]
[EventType "swiss"]
[EventRounds "10"]
[EventCountry "ESP"]
[SourceTitle "Ajedrez en Madrid"]
[Source "lmi"]
[SourceDate "2015.08.21"]
[WhiteClock "0:21:42"]
[BlackClock "0:03:36"]

1. d4 Nf6 2. c4 e6 3. Nc3 Bb4 4. Nf3 c5 5. g3 O-O 6. Bg2 Bxc3+ 7. bxc3 Qa5 8.
Bd2 d6 9. O-O Qc7 10. Bf4 Nh5 11. Qd3 h6 12. Rfd1 Nc6 13. d5 Na5 14. dxe6 Nxf4
15. exf7+ Qxf7 16. gxf4 Qxf4 17. Qxd6 Qxd6 18. Rxd6 Nxc4 19. Rd5 b6 20. Ne5 Ba6
21. Rad1 Rae8 22. Ng6 Nb2 23. R1d2 Nc4 24. Rd1 Nb2 25. R1d2 Nc4 26. Nxf8 Nxd2
27. Rxd2 Kxf8 28. e4 Ke7 29. Bf1 1/2-1/2

[Event "17. Open de Sants Hostafrancs 2015"]
[Site "Barcelona ESP"]
[Date "2015.08.24"]
[Round "4.19"]
[White "Colon Garcia, Enrique"]
[Black "Boruchovsky, Avital"]
[Result "0-1"]
[WhiteElo "2328"]
[BlackElo "2540"]
[PlyCount "60"]
[EventDate "2015.08.21"]
[EventType "swiss"]
[EventRounds "10"]
[EventCountry "ESP"]
[SourceTitle "Ajedrez en Madrid"]
[Source "lmi"]
[SourceDate "2015.08.21"]

1. d4 Nf6 2. c4 g6 3. Nc3 d5 4. Bg5 Bg7 5. Bxf6 Bxf6 6. cxd5 c5 7. dxc5 Nd7 8.
e4 O-O 9. Bd3 Nxc5 10. Nge2 Qb6 11. Rb1 Bd7 12. O-O a5 13. Kh1 Rfd8 14. f4 Bg7
15. Qd2 a4 16. a3 Qa5 17. Qe3 Rac8 18. Nd4 e6 19. e5 Nxd3 20. Qxd3 exd5 21.
Rbe1 Rc4 22. Re2 Qc5 23. Rd1 Bg4 24. Nf3 Bf5 25. Qd2 Bh6 26. Nxd5 Kh8 27. b4
axb3 28. e6 fxe6 29. Ng5 Rxd5 30. Qb2+ Bg7 0-1

[Event "17. Open de Sants Hostafrancs 2015"]
[Site "Barcelona ESP"]
[Date "2015.08.24"]
[Round "4.20"]
[White "Libiszewski, Fabien"]
[Black "Alonso Garcia, Rene Marcial"]
[Result "1-0"]
[WhiteElo "2533"]
[BlackElo "2339"]
[PlyCount "123"]
[EventDate "2015.08.21"]
[EventType "swiss"]
[EventRounds "10"]
[EventCountry "ESP"]
[SourceTitle "Ajedrez en Madrid"]
[Source "lmi"]
[SourceDate "2015.08.21"]

1. e4 e6 2. d4 d5 3. Nc3 Bb4 4. e5 c5 5. a3 Bxc3+ 6. bxc3 Ne7 7. Qg4 cxd4 8.
Bd3 Qa5 9. Ne2 dxc3 10. Qxg7 Rg8 11. Qxh7 Nbc6 12. Bf4 Bd7 13. Bg3 O-O-O 14.
Qxf7 Rdf8 15. Qh7 Rh8 16. Qg7 d4 17. Nxd4 Nxd4 18. Qxe7 Qd5 19. Qd6 Bc6 20.
Qxd5 Bxd5 21. f3 Rhg8 22. O-O-O Rd8 23. Rhe1 Rd7 24. Bf2 Nc6 25. Bf1 Rh7 26.
Bg3 Rc7 27. Re3 Ne7 28. Be1 Nf5 29. Rxc3 Rxc3 30. Bxc3 Ne3 31. Bd4 Nxf1 32.
Rxf1 Rxg2 33. h4 Rh2 34. Bxa7 Rxh4 35. Kd2 Rh2+ 36. Kd3 b5 37. Kc3 Kb7 38. Bd4
Rh3 39. Kb4 Bxf3 40. Kc5 Be4 41. Rf7+ Kc8 42. c3 Rh7 43. Rf8+ Kb7 44. Kxb5 Rc7
45. a4 Bd3+ 46. Kb4 Rc4+ 47. Kb3 Rc7 48. a5 Bc4+ 49. Kb4 Bd3 50. Bc5 Kc6 51.
Bb6 Rg7 52. Rc8+ Kb7 53. Rd8 Rg4+ 54. Bd4 Rg7 55. Rd6 Re7 56. a6+ Kc8 57. a7
Be4 58. Bb6 Kb7 59. Ka5 Re8 60. Rd7+ Kc6 61. Rc7+ Kd5 62. Rc5# 1-0

[Event "17. Open de Sants Hostafrancs 2015"]
[Site "Barcelona ESP"]
[Date "2015.08.24"]
[Round "4.21"]
[White "Cuartas, Jaime Alexander"]
[Black "Carstensen, Jacob"]
[Result "0-1"]
[WhiteElo "2503"]
[BlackElo "2336"]
[PlyCount "106"]
[EventDate "2015.08.21"]
[EventType "swiss"]
[EventRounds "10"]
[EventCountry "ESP"]
[SourceTitle "Ajedrez en Madrid"]
[Source "lmi"]
[SourceDate "2015.08.21"]

1. e4 e5 2. Nf3 Nf6 3. Nxe5 d6 4. Nf3 Nxe4 5. d4 d5 6. Bd3 Nc6 7. O-O Be7 8. c4
Nb4 9. Be2 O-O 10. Nc3 Bf5 11. a3 Nxc3 12. bxc3 Nc6 13. Bf4 dxc4 14. Bxc4 Bd6
15. Ne5 Qf6 16. Re1 Be6 17. Bxe6 fxe6 18. Bg3 Bxe5 19. dxe5 Qf5 20. Qe2 Ne7 21.
c4 Nc6 22. Qb2 b6 23. f3 Rad8 24. Re4 Rd3 25. Rf4 Qg5 26. Rxf8+ Kxf8 27. Re1
Nd4 28. Qb1 Qd2 29. Bf2 Nc2 30. Rf1 Nxa3 31. Qa1 Qc3 32. c5 Qxa1 33. Rxa1 Rb3
34. Kf1 Rb1+ 35. Rxb1 Nxb1 36. Be1 Ke8 37. cxb6 axb6 38. Ke2 Na3 39. Kd3 c5 40.
g4 Nb5 41. f4 g6 42. Ke4 Kd7 43. Bh4 Nc3+ 44. Kd3 Nd5 45. Ke4 b5 46. f5 b4 47.
f6 b3 48. Kd3 c4+ 49. Kd2 c3+ 50. Kd3 b2 51. Kc2 Ne3+ 52. Kb1 Nc4 53. Be1 Na3+
0-1

[Event "17. Open de Sants Hostafrancs 2015"]
[Site "Barcelona ESP"]
[Date "2015.08.24"]
[Round "4.22"]
[White "Oliva Castaneda, Kevel"]
[Black "Lemeaux, David"]
[Result "1/2-1/2"]
[WhiteElo "2488"]
[BlackElo "2324"]
[PlyCount "84"]
[EventDate "2015.08.21"]
[EventType "swiss"]
[EventRounds "10"]
[EventCountry "ESP"]
[SourceTitle "Ajedrez en Madrid"]
[Source "lmi"]
[SourceDate "2015.08.21"]

1. Nf3 Nf6 2. c4 e6 3. g3 d5 4. Bg2 dxc4 5. Qa4+ Nbd7 6. O-O c5 7. Qxc4 b6 8.
b3 Bb7 9. Bb2 Be7 10. d3 O-O 11. Nbd2 Rc8 12. Rad1 Qc7 13. a3 Rfd8 14. e4 Ng4
15. Qc2 Bf6 16. Bxf6 Ngxf6 17. Rfe1 e5 18. Bh3 Re8 19. Qc3 Rcd8 20. b4 Qb8 21.
Rb1 cxb4 22. axb4 Nf8 23. Nc4 Ng6 24. b5 Nd7 25. Bf5 Re7 26. Re3 Rde8 27. h4
Ngf8 28. Ra1 Nc5 29. Ra3 f6 30. Qa1 Bc8 31. Bxc8 Rxc8 32. Qa2 Nfe6 33. Re1 Kh8
34. Ra1 Rcc7 35. Ne3 Red7 36. Nd5 Rb7 37. Nb4 Qe8 38. Qe2 Nc7 39. Rxa7 Rxa7 40.
Rxa7 Nxb5 41. Rxd7 Qxd7 42. Nd5 Qa7 1/2-1/2

[Event "17. Open de Sants Hostafrancs 2015"]
[Site "Barcelona ESP"]
[Date "2015.08.24"]
[Round "4.23"]
[White "Ducarmon, Quinten"]
[Black "Villegas, Pierre"]
[Result "1/2-1/2"]
[WhiteElo "2475"]
[BlackElo "2323"]
[PlyCount "69"]
[EventDate "2015.08.21"]
[EventType "swiss"]
[EventRounds "10"]
[EventCountry "ESP"]
[SourceTitle "Ajedrez en Madrid"]
[Source "lmi"]
[SourceDate "2015.08.21"]

1. e4 c6 2. d4 d5 3. e5 c5 4. dxc5 e6 5. a3 Nc6 6. Nf3 Bxc5 7. b4 Bb6 8. Bd3
Nge7 9. Bb2 Ng6 10. O-O O-O 11. Re1 f6 12. exf6 gxf6 13. c4 Nf4 14. Bf1 dxc4
15. Bxc4 Qxd1 16. Rxd1 Kg7 17. Nc3 e5 18. Nd5 Nxd5 19. Bxd5 Rd8 20. h3 Bf5 21.
Rac1 Rd7 22. Nh4 Ne7 23. Bf3 Rad8 24. Nxf5+ Nxf5 25. Rxd7+ Rxd7 26. Rd1 Bd4 27.
Bg4 Rc7 28. Rc1 Rxc1+ 29. Bxc1 Nd6 30. Kf1 f5 31. Bd1 Kf6 32. Bb3 Ne4 33. f3
Ng3+ 34. Ke1 b6 35. Bd5 1/2-1/2

[Event "17. Open de Sants Hostafrancs 2015"]
[Site "Barcelona ESP"]
[Date "2015.08.24"]
[Round "4.24"]
[White "Sochacki, Wojtek"]
[Black "Schroeder, Jan-Christian"]
[Result "0-1"]
[WhiteElo "2324"]
[BlackElo "2473"]
[PlyCount "66"]
[EventDate "2015.08.21"]
[EventType "swiss"]
[EventRounds "10"]
[EventCountry "ESP"]
[SourceTitle "Ajedrez en Madrid"]
[Source "lmi"]
[SourceDate "2015.08.21"]

1. e4 d6 2. d4 Nf6 3. Nc3 e5 4. Nf3 Nbd7 5. Bc4 Be7 6. a4 O-O 7. O-O c6 8. Re1
h6 9. h3 Re8 10. b3 a5 11. Bb2 Qc7 12. Qd2 Nh7 13. Ne2 Ng5 14. Nxg5 Bxg5 15. f4
exf4 16. h4 Bxh4 17. Qxf4 Bf6 18. Ng3 Nb6 19. Bd3 Bg5 20. Qf3 Be6 21. c4 Qc8
22. Rf1 Qd7 23. Bc2 Bg4 24. Qd3 g6 25. Rf2 d5 26. Raf1 Be6 27. Qc3 Qe7 28. c5
Nd7 29. Bc1 Bxc1 30. Rxc1 Nf6 31. e5 Ng4 32. Rf3 Qh4 33. Nf1 Rf8 {ilegible (50)
} 0-1

[Event "17. Open de Sants Hostafrancs 2015"]
[Site "Barcelona ESP"]
[Date "2015.08.24"]
[Round "4.25"]
[White "Morales, Jhon Alexander"]
[Black "Bellia, Fabrizio"]
[Result "0-1"]
[WhiteElo "2308"]
[BlackElo "2461"]
[PlyCount "66"]
[EventDate "2015.08.21"]
[EventType "swiss"]
[EventRounds "10"]
[EventCountry "ESP"]
[SourceTitle "Ajedrez en Madrid"]
[Source "lmi"]
[SourceDate "2015.08.21"]

1. e4 c6 2. Nc3 d5 3. Nf3 dxe4 4. Nxe4 Nf6 5. Nxf6+ exf6 6. d4 Bd6 7. Be2 O-O
8. O-O Re8 9. Be3 Bg4 10. Re1 Nd7 11. h3 Bh5 12. Nh4 Bxe2 13. Qxe2 g6 14. Nf3
Nf8 15. Qd3 Ne6 16. Re2 Qd7 17. Rae1 Rad8 18. Bd2 Bf8 19. c3 c5 20. Be3 f5 21.
Qd2 Qb5 22. Qc2 f4 23. d5 fxe3 24. dxe6 Rxe6 25. Rxe3 Rxe3 26. Rxe3 c4 27. Qe2
Qa4 28. Ne5 Qd1+ 29. Qe1 Qc2 30. Qe2 Qd1+ 31. Qf1 b5 32. Nc6 Rd3 33. Nxa7 Bc5
0-1

[Event "17. Open de Sants Hostafrancs 2015"]
[Site "Barcelona ESP"]
[Date "2015.08.24"]
[Round "4.26"]
[White "Vittorino, Carlo Giovanni"]
[Black "Galego, Luis"]
[Result "0-1"]
[WhiteElo "2301"]
[BlackElo "2454"]
[PlyCount "98"]
[EventDate "2015.08.21"]
[EventType "swiss"]
[EventRounds "10"]
[EventCountry "ESP"]
[SourceTitle "Ajedrez en Madrid"]
[Source "lmi"]
[SourceDate "2015.08.21"]

1. Nf3 d6 2. d4 Nf6 3. c4 Nbd7 4. Nc3 e5 5. g3 c6 6. Bg2 Be7 7. O-O O-O 8. Qc2
Re8 9. b3 Bf8 10. e4 a6 11. Bb2 b5 12. cxb5 axb5 13. Rfe1 Bb7 14. a3 Qb6 15.
Rad1 Rac8 16. Qb1 Qa5 17. Bh3 Rcd8 18. Qc2 h6 19. dxe5 dxe5 20. b4 Qa8 21. Nb1
c5 22. bxc5 Nxc5 23. Rxd8 Rxd8 24. Nxe5 Nfxe4 25. Rd1 Ng5 26. Bg4 Re8 27. h4
Nf3+ 28. Bxf3 Bxf3 29. Nxf3 Qxf3 30. Nc3 Nd3 31. Qxd3 Re1+ 32. Rxe1 Qxd3 33.
Re3 Qc2 34. Re2 Qb3 35. Kg2 h5 36. Kh2 f6 37. Kg1 b4 38. axb4 Bxb4 39. Re8+ Kf7
40. Re2 Bxc3 41. Bxc3 Qxc3 42. Re3 Qd2 43. Kg2 Kg6 44. Re7 Qd6 45. Ra7 Qf8 46.
Kg1 Qc5 47. Rd7 Qc1+ 48. Kh2 Qf1 49. Rd2 Kf5 0-1

[Event "17. Open de Sants Hostafrancs 2015"]
[Site "Barcelona ESP"]
[Date "2015.08.24"]
[Round "4.27"]
[White "Arenas, David"]
[Black "Cervello Tost, Ferran"]
[Result "1/2-1/2"]
[WhiteElo "2439"]
[BlackElo "2303"]
[PlyCount "38"]
[EventDate "2015.08.21"]
[EventType "swiss"]
[EventRounds "10"]
[EventCountry "ESP"]
[SourceTitle "Ajedrez en Madrid"]
[Source "lmi"]
[SourceDate "2015.08.21"]

1. e4 g6 2. d4 Bg7 3. g3 c6 4. Bg2 d6 5. Ne2 Nd7 6. a4 e5 7. Nbc3 Ngf6 8. O-O
O-O 9. a5 Re8 10. Re1 Nf8 11. h3 Ne6 12. Be3 Bd7 13. Qd2 Qc7 14. a6 exd4 15.
Nxd4 b5 16. Nb3 Rad8 17. Na5 Bc8 18. Nb7 Bxb7 19. axb7 a5 1/2-1/2

[Event "17. Open de Sants Hostafrancs 2015"]
[Site "Barcelona ESP"]
[Date "2015.08.24"]
[Round "4.28"]
[White "Vidarte Morales, Arturo"]
[Black "Munoz Pantoja, Miguel"]
[Result "1/2-1/2"]
[WhiteElo "2304"]
[BlackElo "2434"]
[PlyCount "27"]
[EventDate "2015.08.21"]
[EventType "swiss"]
[EventRounds "10"]
[EventCountry "ESP"]
[SourceTitle "Ajedrez en Madrid"]
[Source "lmi"]
[SourceDate "2015.08.21"]

1. d4 d5 2. c4 dxc4 3. e3 Nf6 4. Bxc4 e6 5. Nf3 a6 6. O-O b5 7. Be2 Bb7 8. b3
Nbd7 9. Bb2 c5 10. Nbd2 Be7 11. a4 b4 12. Rc1 O-O 13. Bc4 cxd4 14. Bxd4 1/2-1/2

[Event "17. Open de Sants Hostafrancs 2015"]
[Site "Barcelona ESP"]
[Date "2015.08.24"]
[Round "4.29"]
[White "Wegerle, Joerg"]
[Black "Santarius, Erik F"]
[Result "1/2-1/2"]
[WhiteElo "2430"]
[BlackElo "2302"]
[PlyCount "128"]
[EventDate "2015.08.21"]
[EventType "swiss"]
[EventRounds "10"]
[EventCountry "ESP"]
[SourceTitle "Ajedrez en Madrid"]
[Source "lmi"]
[SourceDate "2015.08.21"]

1. e4 e5 2. Nf3 Nc6 3. Bb5 a6 4. Bxc6 dxc6 5. O-O f6 6. d4 exd4 7. Nxd4 c5 8.
Nb3 Qxd1 9. Rxd1 Bd6 10. Be3 b6 11. Nc3 Be6 12. Rd2 Ne7 13. Rad1 O-O-O 14. Nc1
Rd7 15. N1e2 g5 16. f3 h6 17. a4 Rhd8 18. Ng3 f5 19. exf5 Nxf5 20. Nxf5 Bxf5
21. Nd5 Kb7 22. Nf6 Rf7 23. Nh5 Re8 24. Re1 Rfe7 25. Kf2 Bf4 26. Rde2 Be5 27.
Ng3 Bg6 28. c3 Bd3 29. Rd2 c4 30. Rdd1 Bc2 31. Ra1 a5 32. Nf1 Bd3 33. Ng3 Bd6
34. Bd4 Bf4 35. Ne4 Bxe4 36. Rxe4 Rxe4 37. fxe4 Rxe4 38. Kf3 Re6 39. h4 Bd6 40.
h5 Kc6 41. Rf1 Kd7 42. g3 Ke7 43. Kg4 Be5 44. Rd1 Bd6 45. Rf1 Ke8 46. Bg7 c6
47. Rf2 Bc5 48. Rd2 Bd6 49. Bd4 b5 50. Bb6 bxa4 51. Rd4 c5 52. Rxc4 Bxg3 53.
Bxc5 Bc7 54. Ba3 Bd8 55. Rd4 Rf6 56. Re4+ Kf7 57. Rxa4 Rf1 58. Rd4 Bf6 59. Re4
Rg1+ 60. Kf5 Rf1+ 61. Kg4 Rg1+ 62. Kf5 Rf1+ 63. Kg4 Rg1+ 64. Kf5 Rf1+ 1/2-1/2

[Event "17. Open de Sants Hostafrancs 2015"]
[Site "Barcelona ESP"]
[Date "2015.08.24"]
[Round "4.30"]
[White "Pile, Richard"]
[Black "Ossa, Orlando"]
[Result "1-0"]
[WhiteElo "2419"]
[BlackElo "2249"]
[PlyCount "69"]
[EventDate "2015.08.21"]
[EventType "swiss"]
[EventRounds "10"]
[EventCountry "ESP"]
[SourceTitle "Ajedrez en Madrid"]
[Source "lmi"]
[SourceDate "2015.08.21"]

1. Nf3 Nf6 2. d4 g6 3. g3 Bg7 4. Bg2 O-O 5. O-O d6 6. a4 a5 7. Bf4 Nc6 8. Nc3
Bf5 9. d5 Nb4 10. Nd4 Bd7 11. Qd2 c6 12. e4 Qb6 13. Rad1 Ng4 14. Nf3 Rac8 15.
h3 Nf6 16. Be3 Qc7 17. Bh6 cxd5 18. Bxg7 Kxg7 19. exd5 Qc4 20. Rfe1 Rfe8 21. g4
h6 22. Bf1 Qc5 23. Re3 b6 24. Ne1 h5 25. g5 Nh7 26. Ne4 Qc7 27. c3 Bxa4 28. Ra1
Nxd5 29. Qxd5 Bc6 30. Qd4+ Kg8 31. Nf3 Rcd8 32. c4 d5 33. cxd5 Rxd5 34. Qc3 Qd7
35. Ne5 1-0

[Event "17. Open de Sants Hostafrancs 2015"]
[Site "Barcelona ESP"]
[Date "2015.08.24"]
[Round "4.31"]
[White "Edouard, Romain"]
[Black "Guezennec, Franck"]
[Result "0-1"]
[WhiteElo "2634"]
[BlackElo "2228"]
[PlyCount "125"]
[EventDate "2015.08.21"]
[EventType "swiss"]
[EventRounds "10"]
[EventCountry "ESP"]
[SourceTitle "Ajedrez en Madrid"]
[Source "lmi"]
[SourceDate "2015.08.21"]

1. d4 Nf6 2. c4 d6 3. Nc3 g6 4. e4 Bg7 5. f3 O-O 6. Be3 c5 7. Nge2 cxd4 8. Nxd4
Nc6 9. Qd2 Bd7 10. Be2 Nxd4 11. Bxd4 Bc6 12. O-O Nd7 13. Be3 a5 14. b3 Nc5 15.
Rab1 b6 16. a3 Qc7 17. Bd1 e6 18. b4 axb4 19. axb4 Nd7 20. Bb3 Rfc8 21. Rfc1
Qd8 22. Bd4 Ne5 23. f4 Bh6 24. Qe3 Ra3 25. Ne2 Nd7 26. Bb2 Raa8 27. Rd1 Qf8 28.
Rbc1 e5 29. Qh3 Ra7 30. Ra1 Rac7 31. fxe5 Nxe5 32. c5 dxc5 33. bxc5 Bd7 34. Qg3
Rxc5 35. Rf1 Be8 36. Nd4 Qg7 37. Ra6 Bc1 38. Ba1 Bd2 39. Rxb6 Bc3 40. Ne6 fxe6
41. Bxe6+ Nf7 42. Bxc8 Rxc8 43. Bxc3 Qxc3 44. Qf2 Qc2 45. Rb2 Qxe4 46. Re2 Qf5
47. Qb6 Qb5 48. Qe6 Qc5+ 49. Kh1 Qc6 50. Qe7 Qd6 51. Qb7 Qc6 52. Qb3 Qd7 53.
Qa3 Qd6 54. Qf3 Qf8 55. Qh3 Rb8 56. Ree1 Bb5 57. Rf6 Re8 58. Rb1 Qe7 59. Qc3
Qe5 60. Qxe5 Rxe5 61. Rf2 Bc6 62. h3 Be4 63. Re1 0-1

[Event "17. Open de Sants Hostafrancs 2015"]
[Site "Barcelona ESP"]
[Date "2015.08.24"]
[Round "4.32"]
[White "Micottis, Dorian"]
[Black "Narciso Dublan, Marc"]
[Result "1/2-1/2"]
[WhiteElo "2228"]
[BlackElo "2532"]
[PlyCount "117"]
[EventDate "2015.08.21"]
[EventType "swiss"]
[EventRounds "10"]
[EventCountry "ESP"]
[SourceTitle "Ajedrez en Madrid"]
[Source "lmi"]
[SourceDate "2015.08.21"]

1. e4 e6 2. d4 d5 3. Nc3 Bb4 4. e5 c5 5. a3 Bxc3+ 6. bxc3 Ne7 7. Qg4 Kf8 8. Bd3
Qa5 9. Bd2 Qa4 10. Ra2 b6 11. Nf3 Ba6 12. Qf4 Bxd3 13. cxd3 Ng6 14. Qe3 c4 15.
O-O Nc6 16. Rb1 Rc8 17. h4 h6 18. h5 Nge7 19. g4 cxd3 20. Qxd3 Na5 21. Rb4 Qd1+
22. Kg2 Nc4 23. a4 Nxd2 24. Rxd2 Qc1 25. Rc2 Qf4 26. Nh2 g6 27. Qf3 Qxf3+ 28.
Kxf3 Nc6 29. Rbb2 Ke7 30. hxg6 fxg6 31. Ke3 Na5 32. Kd3 Nc4 33. Ra2 Rcf8 34. f3
Rf4 35. Rg2 g5 36. Raf2 h5 37. gxh5 Rxh5 38. Nf1 Rh3 39. Nd2 Nb2+ 40. Kc2 Nxa4
41. Rxg5 b5 42. Rg8 Rf8 43. Rfg2 Rh7 44. R2g7+ Rxg7 45. Rxg7+ Rf7 46. Rg8 Nb6
47. Rb8 Nc4 48. Nxc4 bxc4 49. Ra8 Rxf3 50. Rxa7+ Kf8 51. Kd2 Rf2+ 52. Kd1 Rf7
53. Ra6 Re7 54. Ke2 Kf7 55. Kf3 Rb7 56. Kg4 Rb1 57. Ra7+ Kg6 58. Re7 Rb6 59.
Kf4 1/2-1/2

[Event "17. Open de Sants Hostafrancs 2015"]
[Site "Barcelona ESP"]
[Date "2015.08.24"]
[Round "4.33"]
[White "Betaneli, Alexander"]
[Black "Dobrov, Vladimir"]
[Result "1/2-1/2"]
[WhiteElo "2218"]
[BlackElo "2527"]
[PlyCount "141"]
[EventDate "2015.08.21"]
[EventType "swiss"]
[EventRounds "10"]
[EventCountry "ESP"]
[SourceTitle "Ajedrez en Madrid"]
[Source "lmi"]
[SourceDate "2015.08.21"]

1. c4 c5 2. g3 Nc6 3. Bg2 g6 4. Nc3 Bg7 5. Nf3 d6 6. O-O Qd7 7. d3 b6 8. Bd2
Bb7 9. a3 e6 10. Rb1 Nge7 11. b4 h6 12. Nb5 Rd8 13. Bc3 e5 14. Bd2 f5 15. e4
O-O 16. Nc3 Rc8 17. b5 Nd8 18. Ne1 Ne6 19. exf5 Nxf5 20. Nd5 Ne7 21. Qg4 Rce8
22. Nxe7+ Rxe7 23. Bxb7 Qxb7 24. Qxg6 d5 25. Qg4 Rf6 26. Ng2 Nd4 27. Nh4 e4 28.
Bc3 h5 29. Qd1 dxc4 30. Bxd4 cxd4 31. dxc4 Qd7 32. Qxh5 e3 33. fxe3 Re5 34. Qe2
Rxe3 35. Qg2 d3 36. Qa8+ Rf8 37. Rxf8+ Bxf8 38. Qc6 Qd4 39. Qd5+ Qxd5 40. cxd5
Bxa3 41. Rd1 Kf7 42. d6 Bc5 43. d7 Re7+ 44. Kf1 Rxd7 45. Nf3 Ke6 46. Ke1 Be3
47. g4 Rd5 48. h4 Kd6 49. g5 Ke6 50. h5 Bxg5 51. Nxg5+ Rxg5 52. Rxd3 Rxb5 53.
Rh3 Kf7 54. h6 Kg8 55. Rg3+ Kh8 56. Rg7 a5 57. Rb7 Rb3 58. Kd2 b5 59. Kc2 a4
60. h7 b4 61. Ra7 Rc3+ 62. Kb2 a3+ 63. Ka2 Rc2+ 64. Kb1 Rh2 65. Rb7 Rh4 66. Ka2
Rh2+ 67. Kb1 Rb2+ 68. Ka1 b3 69. Ra7 Ra2+ 70. Kb1 Rb2+ 71. Ka1 1/2-1/2

[Event "17. Open de Sants Hostafrancs 2015"]
[Site "Barcelona ESP"]
[Date "2015.08.24"]
[Round "4.34"]
[White "Riff, Jean-Noel"]
[Black "Lacroix, Romain"]
[Result "1-0"]
[WhiteElo "2519"]
[BlackElo "2201"]
[PlyCount "47"]
[EventDate "2015.08.21"]
[EventType "swiss"]
[EventRounds "10"]
[EventCountry "ESP"]
[SourceTitle "Ajedrez en Madrid"]
[Source "lmi"]
[SourceDate "2015.08.21"]

1. e4 d6 2. c4 Nf6 3. Nc3 e5 4. g3 Nc6 5. Bg2 Be7 6. Nge2 O-O 7. O-O Be6 8. d3
Qd7 9. Nd5 Bd8 10. f4 Bh3 11. Ne3 Bxg2 12. Kxg2 Ne7 13. b3 c6 14. Bb2 Bb6 15.
Qd2 Qc7 16. b4 Nd7 17. d4 exd4 18. Nxd4 Bxd4 19. Qxd4 f6 20. Rad1 Qb6 21. c5
dxc5 22. Qc4+ Kh8 23. Rxd7 cxb4 24. Bd4 1-0

[Event "17. Open de Sants Hostafrancs 2015"]
[Site "Barcelona ESP"]
[Date "2015.08.24"]
[Round "4.35"]
[White "Subirats Ruiz, Sergi"]
[Black "Cruz, Jonathan"]
[Result "0-1"]
[WhiteElo "2203"]
[BlackElo "2450"]
[PlyCount "86"]
[EventDate "2015.08.21"]
[EventType "swiss"]
[EventRounds "10"]
[EventCountry "ESP"]
[SourceTitle "Ajedrez en Madrid"]
[Source "lmi"]
[SourceDate "2015.08.21"]

1. f4 Nf6 2. Nf3 g6 3. g3 Bg7 4. Bg2 O-O 5. O-O d5 6. d3 b6 7. c3 Bb7 8. Qe1 c5
9. h3 d4 10. c4 Nfd7 11. g4 e6 12. Qg3 Nc6 13. Na3 Qc7 14. Bd2 Rae8 15. Rae1 a6
16. Nc2 f5 17. Qh4 Qd6 18. b3 Bf6 19. Ng5 Re7 20. e4 dxe3 21. Rxe3 Nd4 22. Nxd4
cxd4 23. Re2 Bxg2 24. Rxg2 a5 25. Qh6 Nc5 26. Rf3 Rg7 27. b4 axb4 28. Bxb4 Bxg5
29. Qxg5 Rgf7 30. Rgf2 Kg7 31. Qh4 fxg4 32. hxg4 h6 33. Kg2 Qc6 34. g5 h5 35.
Kg1 Rf5 36. Bxc5 bxc5 37. Rf1 e5 38. Kh2 exf4 39. Qe1 Re8 40. Qd2 Qd6 41. a4
Re3 42. a5 Rxg5 43. Qb2 Qe7 0-1

[Event "17. Open de Sants Hostafrancs 2015"]
[Site "Barcelona ESP"]
[Date "2015.08.24"]
[Round "4.36"]
[White "Pulvett Marin, Daniel"]
[Black "Domingo Nunez, Alejandro"]
[Result "1-0"]
[WhiteElo "2434"]
[BlackElo "2199"]
[PlyCount "53"]
[EventDate "2015.08.21"]
[EventType "swiss"]
[EventRounds "10"]
[EventCountry "ESP"]
[SourceTitle "Ajedrez en Madrid"]
[Source "lmi"]
[SourceDate "2015.08.21"]

1. d4 Nf6 2. Nf3 e6 3. c4 b6 4. a3 Bb7 5. Nc3 d5 6. Bg5 Be7 7. Qa4+ Bc6 8. Qb3
O-O 9. Rd1 dxc4 10. Qxc4 Nd5 11. Bxe7 Qxe7 12. e3 Bb7 13. Bd3 Rc8 14. Nxd5 Bxd5
15. Qc2 h6 16. O-O Nd7 17. Ba6 Bxf3 18. gxf3 Qg5+ 19. Kh1 Qh5 20. Qc6 Rd8 21.
Rg1 Nf6 22. Rg3 Qd5 23. Qxc7 Nh5 24. Rg2 Qxf3 25. Re1 Rd5 26. Bb7 Rad8 27.
Qxd8+ 1-0

[Event "17. Open de Sants Hostafrancs 2015"]
[Site "Barcelona ESP"]
[Date "2015.08.24"]
[Round "4.37"]
[White "Chirivi C, Jenny Astrid"]
[Black "Abergel, Thal"]
[Result "0-1"]
[WhiteElo "2202"]
[BlackElo "2433"]
[PlyCount "72"]
[EventDate "2015.08.21"]
[EventType "swiss"]
[EventRounds "10"]
[EventCountry "ESP"]
[SourceTitle "Ajedrez en Madrid"]
[Source "lmi"]
[SourceDate "2015.08.21"]

1. d4 Nf6 2. c4 c5 3. d5 e6 4. Nc3 exd5 5. cxd5 d6 6. Nf3 g6 7. g3 Bg7 8. Nd2
a6 9. a4 Nbd7 10. Bg2 O-O 11. O-O Re8 12. h3 Nh5 13. Nc4 Ne5 14. Na3 f5 15. e3
b5 16. Ne2 b4 17. Nc2 a5 18. b3 Ba6 19. Bb2 Nf6 20. Nf4 Bxf1 21. Bxf1 Ne4 22.
Kg2 Ng4 23. Bxg7 Ngxf2 24. Qf3 Kxg7 25. Bb5 Re5 26. Rf1 Nxh3 27. Nxh3 Nd2 28.
Qf4 Nxf1 29. Kxf1 Qf6 30. Bc6 Re4 31. Qf2 Rb8 32. Nf4 Qb2 33. Ne6+ Kf6 34. Qh2
Qc1+ 35. Ne1 Qxe3 36. Qf2 Qxb3 0-1

[Event "17. Open de Sants Hostafrancs 2015"]
[Site "Barcelona ESP"]
[Date "2015.08.24"]
[Round "4.38"]
[White "Cawdery, Daniel"]
[Black "Soraas, Torben"]
[Result "1/2-1/2"]
[WhiteElo "2424"]
[BlackElo "2194"]
[PlyCount "37"]
[EventDate "2015.08.21"]
[EventType "swiss"]
[EventRounds "10"]
[EventCountry "ESP"]
[SourceTitle "Ajedrez en Madrid"]
[Source "lmi"]
[SourceDate "2015.08.21"]

1. e4 e6 2. d4 d5 3. Nd2 dxe4 4. Nxe4 Nd7 5. Nf3 Ngf6 6. Nxf6+ Nxf6 7. Bd3 b6
8. Ne5 Bb7 9. Bb5+ c6 10. Be2 Bd6 11. Nc4 Be7 12. O-O c5 13. dxc5 Bxc5 14. Bf4
O-O 15. c3 Qd5 16. Qxd5 Bxd5 17. Ne3 Bc6 18. b4 Be7 19. Rfd1 1/2-1/2

[Event "17. Open de Sants Hostafrancs 2015"]
[Site "Barcelona ESP"]
[Date "2015.08.24"]
[Round "4.39"]
[White "Mascaro March, Pedro"]
[Black "Taylor, Adam C"]
[Result "1-0"]
[WhiteElo "2414"]
[BlackElo "2189"]
[PlyCount "53"]
[EventDate "2015.08.21"]
[EventType "swiss"]
[EventRounds "10"]
[EventCountry "ESP"]
[SourceTitle "Ajedrez en Madrid"]
[Source "lmi"]
[SourceDate "2015.08.21"]

1. d4 Nf6 2. Nf3 g6 3. Bf4 Bg7 4. e3 O-O 5. h3 b6 6. Be2 Bb7 7. O-O c5 8. c3 d6
9. Nbd2 Nbd7 10. a4 a6 11. Qc2 Qc7 12. Rfd1 Rfd8 13. Bh2 Rac8 14. Qb3 h6 15.
Bd3 Qb8 16. e4 cxd4 17. cxd4 Qa8 18. Re1 e5 19. Bc4 Nxe4 20. Bxf7+ Kh7 21. Qd3
Ndf6 22. Nh4 g5 23. Nxe4 Nxe4 24. d5 gxh4 25. Rxe4 Rf8 26. Rg4+ Kh8 27. Rxg7
1-0